000 00662nam a2200241Ia 4500
003 OSt
005 20220918204309.0
006 a|||||r|||| 00| 0
007 ta
008 220917b |||||||| |||| 00| 0 eng d
024 _a111,930
037 _cTextual
040 _aARTS
_cARTS
_beng
041 _2eng
_aeng
082 _aV5.N, M2
100 _aThompson Paul
_913999
245 0 _aOur common history
_b the transformation of Europe
260 _aLondon
_bPluton Press
_c1982
650 _aHISTORY
700 _a Burchardt Natasha
_9111421
942 _hV5.N, M2
_cTEXL
_2CC
999 _c235279
_d235279